00690nam a2200217Ia 4500003000900000008004100009040001300050040001300063041000800076100002000084245008200104250001100186260001300197260000900210300001100219300001000230490000600240942000700246999001700253952020200270IT-RoPAU120407s9999 xx 000 0 und d aIT-RoPAU cIT-RoPAU aita aGiovanni Kierek aIl mondo degli insiemi. Teoria, giochi, attività e suggerimenti didattici aMilano aVallardi c1972 a231 p. c23 cm v1 cBK c29649d29649 00102ddc406L_M_496_00000000000000071aPAULUSbPAULUSd2012-04-11l0oL M.496r2012-04-11 00:00:00w2012-04-11yBKzInserito da: LUCIA In data: 07 ottobre 2011 fondo: Via A.Severo 56 Progr:13429